Polacy w niemieckich ligach - Statystyki

Ogólne statystyki
  • Ten quiz został rozwiązany 54 razy
  • Średni wynik to 6 z 20
Statystyki odpowiedzi
Zawodnik Klub % Poprawnych
Robert Lewandowski Bayern Monachium
100%
Krzysztof Piątek Hertha Berlin
89%
Łukasz Piszczek Borussia Dortmund
82%
Robert Gumny FC Augsburg
60%
Rafał Gikiewicz FC Augsburg
60%
Dawid Kownacki Fortuna Dusseldorf
56%
Jakub Piotrkowski Fortuna Dusseldorf
56%
Bartosz Białek VFL Wolfsburg
51%
Marcin Kamiński VFB Stuttgart
36%
Martin Kobylański Eintracht Braunschweig
11%
Adam Dźwigała FC St.Pauli
9%
Adrian Stanilewicz SV Darmstadt
4%
Marcus Piossek SV Meppen
4%
David Blacha VFL Osnabruck
4%
David Kopacz Würzburger Kickers
4%
Adrian Malachowski 1.FC Magdeburg
0%
Patrick Schikowski SC Verl
0%
Dennis Jastrzembski SV Waldhof Mannheim
0%
Sebastian Mrowca SV Wehen Wiesbaden
0%
Andre Dej Viktoria Köln
0%
Nie znaleziono quizów pasujących do podanych kryteriów
Rozkład punktacji
Procent ludzi z każdym wynikiem
Percentyl według liczby udzielonych odpowiedzi
Twoja historia wyników
Nie rozwiązałeś tego quizu